Optimalizácia portfólia s využitím evolučného algoritmu v jazyku R
Gespeichert in:
| 1. Verfasser: | |
|---|---|
| Weitere Verfasser: | |
| Format: | Buchkapitel |
| Sprache: | Englisch |
| Schlagworte: | |
| Tags: |
Keine Tags, Fügen Sie das erste Tag hinzu!
|
MARC
| LEADER | 00000naa$a2200000$$$4500 | ||
|---|---|---|---|
| 001 | 0272011 | ||
| 005 | 20240502074305.1 | ||
| 041 | 0 | |a eng | |
| 044 | |a SK | ||
| 245 | 1 | 0 | |a Optimalizácia portfólia s využitím evolučného algoritmu v jazyku R |c Ivan Brezina, Juraj Pekár |
| 500 | |a abstrakt | ||
| 610 | 2 | 0 | |a portfólio |
| 610 | 2 | 0 | |a optimalizácia |
| 610 | 2 | 0 | |a jazyky programovacie |
| 610 | 2 | 0 | |a algoritmy |
| 100 | 1 | |a Brezina, Ivan, 1963- | |
| 700 | 1 | |a Pekár, Juraj, 1972- | |